|
|
|
|
| LEADER |
00971pam a22002778a 4500 |
| 001 |
00034837 |
| 008 |
161028s2014 ||||||Viesd |
| 005 |
20171026081025.0 |
| 020 |
# |
# |
|a 978 607 1 00480 1
|c 42000
|
| 041 |
0 |
# |
|a Vie
|
| 082 |
1 |
4 |
|a 895.922 3
|b CH527C
|
| 100 |
0 |
# |
|a Nguyễn, Nhật Ánh
|
| 245 |
0 |
0 |
|a Chuyện cổ tích dành cho người lớn
|b Tập truyện ngắn
|c Nguyễn Nhật Ánh
|
| 250 |
# |
# |
|a In lần thứ 31
|
| 260 |
# |
# |
|a T.P. Hồ Chí Minh
|b Trẻ
|c 2014
|
| 300 |
# |
# |
|a 152 tr.
|b Ảnh trắng đen
|c 18 cm.
|
| 650 |
# |
4 |
|a Văn học hiện đại
|
| 653 |
# |
# |
|a Thế kỳ 21
|
| 653 |
# |
# |
|a Truyện ngắn
|
| 653 |
# |
# |
|a Việt Nam
|
| 852 |
# |
# |
|b Kho mượn
|j KM.0019716, KM.0019719
|
| 852 |
# |
# |
|b Kho đọc
|j KD.0018779
|
| 852 |
# |
# |
|j KM.0019716
|j KM.0019719
|j KD.0018779
|
| 910 |
|
|
|d 28/10/2016
|
| 980 |
# |
# |
|a Trung tâm Học liệu Lê Vũ Hùng, Trường Đại học Đồng Tháp
|